Fire in the jungle. (Record no. 14073)
[ view plain ]
| 000 -LEADER | |
|---|---|
| fixed length control field | 00475nam a22001812 4500 |
| 001 - CONTROL NUMBER | |
| control field | 0000005505 |
| 005 - DATE AND TIME OF LATEST TRANSACTION | |
| control field | 20151217160105.0 |
| 008 - FIXED-LENGTH DATA ELEMENTS--GENERAL INFORMATION | |
| fixed length control field | 070615s xx 000 0 eng d |
| 040 ## - CATALOGING SOURCE | |
| Original cataloging agency | KABU |
| Transcribing agency | KABU |
| 050 #0 - LIBRARY OF CONGRESS CALL NUMBER | |
| Classification number | PZ7 |
| Item number | .C3F57 |
| 100 1# - MAIN ENTRY--PERSONAL NAME | |
| Personal name | Carpenter, Kathleen. |
| -- | 0000156781 |
| 245 10 - TITLE STATEMENT | |
| Title | Fire in the jungle. |
| 260 ## - PUBLICATION, DISTRIBUTION, ETC. (IMPRINT) | |
| Place of publication, distribution, etc. | London : |
| Name of publisher, distributor, etc. | Highway Press, |
| Date of publication, distribution, etc. | 1961. |
| 300 ## - PHYSICAL DESCRIPTION | |
| Extent | 130 p. |
| 908 ## - PUT COMMAND PARAMETER (RLIN) | |
| Put command parameter | 070615 |
| 950 ## - LOCAL HOLDINGS (RLIN) | |
| -- | 1 |
| Withdrawn status | Lost status | Source of classification or shelving scheme | Not for loan | Home library | Current library | Date acquired | Total Checkouts | Full call number | Barcode | Date last seen | Price effective from | Koha item type |
|---|---|---|---|---|---|---|---|---|---|---|---|---|
| Library of Congress Classification | Kabarak, Main Campus | Kabarak, Main Campus | 17/12/2015 | PZ7 .C3F57 | 002015 | 17/12/2015 | 17/12/2015 | Children Collection |